000 00547nam a2200181 i 4500
001 67884
003 ES-MaACL
005 20250929063129.0
007 t|
008 040216s1966 sp ||||1| spa d
080 _a821.134.2-14"19"
100 0 _aQuintanar, Fernando Gallego de Chaves y Calleja,
_cMarqués de
_994696
245 1 4 _aLa vejez de Bradomín /
_cMarqués de Quintanar.
260 _aMadrid :
_b[Prensa Española],
_c1966.
300 _a90 p. ;
_c19 cm.
852 _aES-MaACL
_jC-31019
_bR.70156
999 _c67884
_d67884